[Event "Paul Keres Memorial Festival 2014"]
[Site "Tallinn"]
[Date "2014.01.12"]
[Round "4.5"]
[White "Vovk, Ilja"]
[Black "Lintschevski, Daniil"]
[Result "0-1"]
[WhiteElo "2299"]
[BlackElo "2541"]
[PlyCount "52"]
[EventDate "2014.??.??"]

1. e4 c6 2. Nf3 d5 3. Nc3 Bg4 4. h3 Bh5 5. exd5 cxd5 6. Bb5+ Nc6 7. g4 Bg6 8.
Ne5 Rc8 9. d4 e6 10. h4 f6 11. Nxg6 hxg6 12. Qd3 Kf7 13. Bxc6 Rxc6 14. Bd2 Bb4
15. a3 Bxc3 16. Bxc3 Qc7 17. h5 Ne7 18. hxg6+ Nxg6 19. Rxh8 Nxh8 20. g5 f5 21.
O-O-O Qf4+ 22. Qd2 Ng6 23. Bb4 b6 24. Re1 Rc4 25. Qxf4 Nxf4 26. Bd6 Nd3+ 0-1

[Event "Paul Keres Memorial Festival 2014"]
[Site "?"]
[Date "2014.01.12"]
[Round "4.6"]
[White "Azarov, Sergei"]
[Black "Koykka, Pekka"]
[Result "1-0"]
[WhiteElo "2616"]
[BlackElo "2294"]
[PlyCount "47"]
[EventDate "2014.01.13"]
[SourceDate "2014.01.13"]

1. e4 c5 2. Nf3 d6 3. d4 cxd4 4. Nxd4 Nf6 5. Nc3 a6 6. Bg5 e6 7. f4 Qb6 8. Qd2
Qxb2 9. Rb1 Qa3 10. f5 Nc6 11. fxe6 fxe6 12. Nxc6 bxc6 13. Be2 Be7 14. e5 dxe5
15. Bxf6 Bxf6 16. Bh5+ Ke7 17. Rd1 a5 18. O-O Qc5+ 19. Kh1 e4 20. Nxe4 Qxh5 21.
Qd6+ Kf7 22. Nxf6 gxf6 23. Qc7+ Kg6 24. Rf3 1-0

[Event "Paul Keres Memorial Festival 2014"]
[Site "?"]
[Date "2014.01.12"]
[Round "4.7"]
[White "Yemelin, Vasily"]
[Black "Bernotas, Arturs"]
[Result "1-0"]
[WhiteElo "2558"]
[BlackElo "2267"]
[PlyCount "49"]
[EventDate "2014.01.13"]
[SourceDate "2014.01.13"]

1. d4 d5 2. Bf4 Nf6 3. e3 c5 4. c3 Nc6 5. Nd2 g6 6. Ngf3 Bg7 7. dxc5 O-O 8. Bb5
Nh5 9. Bg5 h6 10. Bh4 g5 11. Bxc6 bxc6 12. Nd4 e5 13. Nxc6 Qd7 14. Nxe5 Bxe5
15. Qxh5 Qb5 16. Bg3 Bg7 17. Nb3 Ba6 18. Qd1 Rfe8 19. h4 Re4 20. hxg5 hxg5 21.
Qd2 Rae8 22. Bd6 d4 23. Nxd4 Bxd4 24. cxd4 Rh4 25. O-O-O 1-0

[Event "Paul Keres Memorial Festival 2014"]
[Site "?"]
[Date "2014.01.12"]
[Round "4.8"]
[White "Jarvenpaa, Jari"]
[Black "Miezis, Normunds"]
[Result "0-1"]
[WhiteElo "2287"]
[BlackElo "2555"]
[PlyCount "82"]
[EventDate "2014.01.13"]
[SourceDate "2014.01.13"]

1. e4 c5 2. Nf3 e6 3. c3 d5 4. exd5 exd5 5. Bb5+ Nc6 6. d4 Bd6 7. O-O Nge7 8.
dxc5 Bxc5 9. Nbd2 a6 10. Bd3 Bg4 11. Nb3 Bd6 12. Re1 Qc7 13. h3 Bh5 14. Be2 O-O
15. Be3 Rfe8 16. Nh4 Bxe2 17. Qxe2 Be5 18. Qd2 Rad8 19. Nf3 Bf6 20. Bg5 Bxg5
21. Qxg5 h6 22. Qe3 Rd6 23. Nfd4 Red8 24. Re2 Ng6 25. Qg3 Qc8 26. Rae1 Rf6 27.
Nxc6 Qxc6 28. Rd2 Nf4 29. Rd4 g5 30. h4 Re8 31. Rdd1 Rg6 32. Qf3 Re4 33. Rxe4
dxe4 34. Rd8+ Kg7 35. Qg4 e3 36. Nd4 e2 37. Nxc6 e1=Q+ 38. Kh2 Rxc6 39. Qf3 Qe7
40. Qd1 gxh4 41. Qd4+ Qf6 0-1

[Event "Paul Keres Memorial Festival 2014"]
[Site "?"]
[Date "2014.01.12"]
[Round "4.9"]
[White "Kveynis, Aloyzas"]
[Black "Dubrovin, Robert"]
[Result "0-1"]
[WhiteElo "2540"]
[BlackElo "2216"]
[PlyCount "66"]
[EventDate "2014.01.13"]
[SourceDate "2014.01.13"]

1. d4 Nf6 2. Nf3 e6 3. c4 Bb4+ 4. Bd2 c5 5. Bxb4 cxb4 6. g3 b6 7. Bg2 Bb7 8.
O-O O-O 9. Qd3 Qe7 10. Nbd2 d6 11. Qb3 a5 12. a3 Na6 13. Ne1 Bxg2 14. Kxg2 e5
15. Nc2 exd4 16. Nxd4 Qb7+ 17. Kg1 d5 18. Qf3 Qd7 19. Rfd1 Rfd8 20. e3 Rac8 21.
Rac1 bxa3 22. bxa3 Qa4 23. cxd5 Rxc1 24. Rxc1 Qxa3 25. Rc6 Nxd5 26. Nc4 Qe7 27.
Nxb6 Ndb4 28. Rc4 g6 29. h4 h5 30. Kg2 Nd3 31. Kf1 Ne5 32. Qe4 Qd6 33. Nc8 Nxc4
0-1

[Event "Paul Keres Memorial Festival 2014"]
[Site "?"]
[Date "2014.01.12"]
[Round "4.11"]
[White "Tokranovs, Dmitrijs"]
[Black "Meijers, Viesturs"]
[Result "1-0"]
[WhiteElo "2238"]
[BlackElo "2464"]
[PlyCount "57"]
[EventDate "2014.01.13"]
[SourceDate "2014.01.13"]

1. e4 c5 2. c3 d5 3. exd5 Qxd5 4. d4 Nf6 5. Nf3 e6 6. Na3 a6 7. Nc4 Nbd7 8. Ne3
Qc6 9. Be2 Qc7 10. O-O b6 11. d5 exd5 12. Nxd5 Nxd5 13. Qxd5 Bb7 14. Qg5 h6 15.
Qe3+ Be7 16. Bc4 b5 17. Bb3 Nf6 18. Re1 Be4 19. Qf4 Qb7 20. Qg3 c4 21. Bd1 Rd8
22. Nd4 g6 23. Bf4 h5 24. Bg5 O-O 25. Qh4 Rxd4 26. cxd4 Bb4 27. Bxf6 Bxe1 28.
Bxh5 Bxg2 29. Rxe1 1-0

[Event "Paul Keres Memorial Festival 2014"]
[Site "?"]
[Date "2014.01.12"]
[Round "4.12"]
[White "Vepkhishvili, Varlam"]
[Black "Smirnov, Artem"]
[Result "0-1"]
[WhiteElo "2185"]
[BlackElo "2418"]
[Annotator ",Maleliit"]
[PlyCount "74"]
[EventDate "2014.01.13"]
[SourceDate "2014.01.13"]

1. Nf3 Nf6 2. g3 b5 3. Bg2 Bb7 4. O-O e6 5. d3 Be7 6. e4 d6 7. b3 O-O 8. Bb2
Nfd7 9. Qe2 c5 10. Nbd2 Nc6 11. d4 cxd4 12. Nxd4 Nxd4 13. Bxd4 a6 14. c4 b4 15.
Rfd1 Qc7 16. Nf1 Rfd8 17. Ne3 Nc5 18. Nc2 a5 19. Rd2 Bc6 20. Rad1 Qb7 21. f3 a4
22. Qe3 axb3 23. axb3 Nd7 24. Bf1 e5 25. Bb2 Nc5 26. Re2 h6 27. h4 Rf8 28. Rf2
Ra2 29. Ne1 Bd8 30. Bxe5 Rxf2 31. Qxf2 Nxe4 32. fxe4 dxe5 33. Qf5 g6 34. Qxe5
Bc7 35. Qf6 Bxg3 36. Rd4 Qa7 37. Nc2 Qa2 {...} 0-1

[Event "Paul Keres Memorial Festival 2014"]
[Site "?"]
[Date "2014.01.12"]
[Round "4.13"]
[White "Okhotnik, Vladimir"]
[Black "Garber, Vjatseslav"]
[Result "1-0"]
[WhiteElo "2387"]
[BlackElo "2147"]
[PlyCount "63"]
[EventDate "2014.01.13"]
[SourceDate "2014.01.13"]

1. Nf3 Nf6 2. g3 d6 3. d4 c6 4. Bg2 Qc7 5. O-O e5 6. c4 Bg4 7. Nc3 Be7 8. h3
Bxf3 9. Bxf3 O-O 10. b4 exd4 11. Qxd4 c5 12. bxc5 dxc5 13. Qf4 Bd6 14. Qf5 a6
15. Bg5 Nbd7 16. Nd5 Nxd5 17. Qxd5 Ne5 18. Qxb7 Nxf3+ 19. Qxf3 Be5 20. Rad1 h6
21. Be3 Qa5 22. Rd5 Bf6 23. Bxc5 Rfd8 24. Qa3 Qc7 25. Rfd1 Rdc8 26. Qf3 a5 27.
Bd4 Be7 28. c5 a4 29. Be5 Qc6 30. Rd8+ Bxd8 31. Rxd8+ Kh7 32. Qxc6 1-0

[Event "Paul Keres Memorial Festival 2014"]
[Site "?"]
[Date "2014.01.12"]
[Round "4.14"]
[White "Juknis, Paulius"]
[Black "Shalamberidze, Akaki"]
[Result "0-1"]
[WhiteElo "2162"]
[BlackElo "2372"]
[PlyCount "174"]
[EventDate "2014.01.13"]
[SourceDate "2014.01.13"]

1. e4 e6 2. d4 d5 3. Nc3 Bb4 4. Nge2 dxe4 5. a3 Be7 6. Nxe4 Nd7 7. N2g3 Ngf6 8.
Bd3 O-O 9. O-O b6 10. b3 Bb7 11. Bb2 Nd5 12. Qd2 f5 13. Nc3 Nf4 14. f3 Bg5 15.
Qd1 Nf6 16. Bc4 Kh8 17. Re1 Qd7 18. Nge2 N4d5 19. Nxd5 Nxd5 20. Bxd5 Qxd5 21.
c4 Qd6 22. Bc1 Bf6 23. Bf4 Qe7 24. Ra2 Rad8 25. Rd2 Qxa3 26. Bxc7 Rd7 27. Be5
Bxe5 28. dxe5 Rxd2 29. Qxd2 Qxb3 30. Qd6 Qe3+ 31. Kf1 Rc8 32. Qxe6 Ba6 33. Ra1
Bb7 34. Rxa7 Rd8 35. Ra1 Bxf3 36. gxf3 Qxf3+ 37. Kg1 Qe3+ 38. Kf1 Qf3+ 39. Kg1
Qxe2 40. Rf1 Qg4+ 41. Kh1 Qe4+ 42. Kg1 Qg4+ 43. Kh1 Qe4+ 44. Kg1 f4 45. Qxb6
Re8 46. Qc5 h6 47. Qd5 Qe3+ 48. Kh1 g5 49. c5 Rxe5 50. Qd8+ Kg7 51. Qd7+ Re7
52. Qd5 Qe6 53. Qd4+ Qf6 54. Qd5 Qe6 55. Qd4+ Kg6 56. Qd3+ Qf5 57. Qd4 Re4 58.
Qd6+ Re6 59. Qd4 Qc2 60. Rf2 Qc1+ 61. Kg2 Qb1 62. Qd5 Qf5 63. Qxf5+ Kxf5 64.
Rc2 Rc6 65. h4 g4 66. h5 Kg5 67. Rc4 Kxh5 68. Rxf4 Rxc5 69. Rf1 Kg5 70. Rf8 h5
71. Rg8+ Kh4 72. Ra8 Rc2+ 73. Kg1 Rc1+ 74. Kg2 Rc2+ 75. Kg1 Kh3 76. Ra3+ g3 77.
Ra1 h4 78. Rb1 Rg2+ 79. Kh1 Rd2 80. Ra1 Kg4 81. Kg1 Re2 82. Rb1 Kf3 83. Rb3+
Re3 84. Rb1 h3 85. Ra1 Rd3 86. Re1 Rd2 87. Ra1 Ke2 0-1

[Event "Paul Keres Memorial Festival 2014"]
[Site "?"]
[Date "2014.01.12"]
[Round "4.15"]
[White "Gorbatov, Alexej"]
[Black "Ceponis, Tadas"]
[Result "1-0"]
[WhiteElo "2359"]
[BlackElo "1949"]
[PlyCount "79"]
[EventDate "2014.01.13"]
[SourceDate "2014.01.13"]

1. e4 c5 2. Nf3 g6 3. c4 Nc6 4. d4 cxd4 5. Nxd4 Nf6 6. Nc3 d6 7. Be2 Nxd4 8.
Qxd4 Bg7 9. O-O O-O 10. Qe3 Be6 11. Bd2 Nd7 12. Rab1 a5 13. b3 Nc5 14. Rbc1 f5
15. exf5 Rxf5 16. Bg4 Re5 17. Bxe6+ Nxe6 18. Qh3 Nd4 19. Qd3 Rh5 20. Qe4 Qd7
21. Nd5 Rf8 22. f4 Qg4 23. Rce1 e6 24. Nc3 Nf5 25. Qxe6+ Kh8 26. Nb5 Qh4 27. h3
Qd8 28. Bc3 Qb6+ 29. Kh2 Bxc3 30. Nxc3 Qd4 31. Nd5 Qd3 32. Rf3 Qd2 33. Re2 Qc1
34. Qe4 Ng7 35. Qd4 Rhf5 36. Re7 R5f7 37. Rfe3 Kg8 38. Re1 Qc2 39. R7e2 Qf5 40.
Ne7+ 1-0

[Event "Paul Keres Memorial Festival 2014"]
[Site "?"]
[Date "2014.01.12"]
[Round "4.16"]
[White "Tsiganova, Monika"]
[Black "Ladva, Ottomar"]
[Result "0-1"]
[WhiteElo "2102"]
[BlackElo "2337"]
[PlyCount "88"]
[EventDate "2014.01.13"]
[SourceDate "2014.01.13"]

1. d4 d5 2. c4 e6 3. Nf3 Nf6 4. g3 Bb4+ 5. Bd2 Be7 6. Bg2 O-O 7. O-O c6 8. Qc2
b6 9. Bf4 Ba6 10. cxd5 cxd5 11. Ne5 Nfd7 12. Rc1 Nxe5 13. Bxe5 Qd7 14. Nc3 Nc6
15. Nxd5 Rac8 16. Nxe7+ Nxe7 17. Qd2 f6 18. Bf4 g5 19. Be3 Bb7 20. f3 g4 21.
fxg4 Bxg2 22. Kxg2 Qd5+ 23. Kg1 Qe4 24. Bf2 Qxg4 25. Qe3 h5 26. Qf3 f5 27. Rc3
Nd5 28. Ra3 a5 29. Re1 Rc2 30. Rb3 a4 31. Rb5 f4 32. Rxd5 exd5 33. Qxd5+ Kh7
34. Qb7+ Qg7 35. Qxb6 fxg3 36. hxg3 h4 37. Kg2 Qf7 38. d5 h3+ 39. Kg1 Qxd5 40.
e4 Qf7 41. Be3 Rg2+ 42. Kh1 Rxg3 43. Qh6+ Kg8 44. Kh2 Rg2+ 0-1

[Event "Paul Keres Memorial Festival 2014"]
[Site "Tallinn"]
[Date "2014.01.13"]
[Round "5.1"]
[White "Danin, Alexandre"]
[Black "Chatalbashev, Boris"]
[Result "1-0"]
[WhiteElo "2602"]
[BlackElo "2533"]
[PlyCount "197"]
[EventDate "2014.??.??"]

1. e4 d6 2. d4 Nf6 3. Nc3 g6 4. g3 Bg7 5. Bg2 O-O 6. Nge2 e5 7. h3 Nc6 8. Be3
a6 9. O-O b5 10. d5 Ne7 11. a4 b4 12. Na2 c5 13. dxc6 Nxc6 14. Qd2 Rb8 15. Rfd1
Be6 16. Nac1 Qc8 17. Kh2 d5 18. exd5 Rd8 19. c4 bxc3 20. Nxc3 Nb4 21. Nd3 Nxd3
22. Qxd3 Rxb2 23. Rac1 Bf5 24. Ne4 Qb7 25. Nc5 Bxd3 26. Nxb7 Rxb7 27. Rxd3 e4
28. Rdd1 Rbd7 29. d6 Bf8 30. Bb6 Re8 31. Rc6 Re6 32. Bc5 a5 33. Bf1 e3 34. Bxe3
Rdxd6 35. Rdxd6 Bxd6 36. Bb5 Be5 37. Rc8+ Kg7 38. Kg2 Ne4 39. Ra8 Bc3 40. Bc4
Re7 41. Ra6 h5 42. Bb5 f5 43. Rc6 Bf6 44. Bb6 h4 45. gxh4 Bxh4 46. Bd8 Bf6 47.
Bxe7 Bxe7 48. Ra6 Bb4 49. Bc6 Nf6 50. h4 Kh6 51. Bf3 Kg7 52. Rb6 Bc3 53. Rb5
Bd2 54. Kf1 Kh6 55. Ke2 Bc3 56. Rb6 Kg7 57. Rb7+ Kh6 58. Rf7 Ne8 59. Rd7 Nf6
60. Rc7 Bb4 61. Rf7 Ne8 62. h5 Ng7 63. hxg6 Kxg6 64. Rb7 Bc3 65. Rb5 Kg5 66.
Rb6 Kf4 67. Rc6 Bb4 68. Rg6 Ne8 69. Bd5 Nd6 70. Re6 Bc5 71. Bg2 Bb4 72. Rh6 Ke5
73. Bc6 Bc5 74. Rh4 Bb4 75. Kd3 Bc5 76. f4+ Ke6 77. Rh6+ Ke7 78. Bd5 Ba3 79.
Rh7+ Kf6 80. Rd7 Kg6 81. Ra7 Bb4 82. Kd4 Kf6 83. Ra6 Ke7 84. Bb3 Ne4 85. Re6+
Kd7 86. Rh6 Bd6 87. Be6+ Kc7 88. Rh7+ Kb6 89. Bxf5 Ng3 90. Bd3 Bxf4 91. Kd5 Bd2
92. Rh2 Be3 93. Rb2+ Kc7 94. Rc2+ Kb7 95. Kd6 Bf4+ 96. Kc5 Bc7 97. Rb2+ Kc8 98.
Kc6 Kd8 99. Rb5 1-0

[Event "Paul Keres Memorial Festival 2014"]
[Site "Tallinn"]
[Date "2014.01.13"]
[Round "5.2"]
[White "Agopov, Mikael"]
[Black "Kantans, Toms"]
[Result "1/2-1/2"]
[WhiteElo "2413"]
[BlackElo "2412"]
[PlyCount "75"]
[EventDate "2014.??.??"]

1. e4 c5 2. Nf3 Nf6 3. e5 Nd5 4. Nc3 e6 5. Nxd5 exd5 6. d4 Nc6 7. dxc5 Bxc5 8.
Qxd5 d6 9. exd6 Qb6 10. Bc4 Bxf2+ 11. Ke2 O-O 12. Rd1 Bg4 13. Kf1 Bc5 14. Bf4
Rae8 15. Qg5 Be6 16. Be2 f6 17. Qg3 Ne5 18. d7 Nxd7 19. Bd6 Ne5 20. Bxf8 Rxf8
21. c3 Qxb2 22. Nd4 Bxa2 23. Qe3 Bd5 24. Rdb1 Nc4 25. Rxb2 Nxe3+ 26. Kf2 Nxg2
27. Bf3 Nf4 28. Kg3 Bd6 29. Bxd5+ Nxd5+ 30. Kg2 Rb8 31. Rxa7 Nxc3 32. Rbxb7
Rxb7 33. Rxb7 Nd5 34. Ne6 Ne7 35. Rd7 Bb4 36. Rb7 Bd6 37. Rd7 Bb4 38. Rb7
1/2-1/2

[Event "Paul Keres Memorial Festival 2014"]
[Site "Tallinn"]
[Date "2014.01.13"]
[Round "5.3"]
[White "Beinoras, Mindaugas"]
[Black "Azarov, Sergei"]
[Result "1/2-1/2"]
[WhiteElo "2404"]
[BlackElo "2616"]
[PlyCount "107"]
[EventDate "2014.??.??"]

1. d4 d5 2. c4 dxc4 3. Nf3 Nf6 4. e3 b5 5. a4 b4 6. Bxc4 e6 7. O-O Be7 8. Qe2
O-O 9. Nbd2 Bb7 10. a5 a6 11. Rd1 Nbd7 12. Nb3 Qb8 13. Ne5 c5 14. Nxd7 Nxd7 15.
dxc5 Nxc5 16. Nxc5 Bxc5 17. Qh5 Qc7 18. b3 g6 19. Qe2 Bd6 20. h3 Bh2+ 21. Kh1
Be5 22. Bb2 Rfd8 23. Bd4 Bxd4 24. exd4 Bd5 25. Rdc1 Qb7 26. f3 Rd6 27. Bxd5
Rxd5 28. Rc4 Rad8 29. Qd2 Rb5 30. Ra4 Qd5 31. Qe1 h5 32. Qe4 Rxa5 33. Qxd5
Raxd5 34. Rcxb4 Rb5 35. Kg1 Rdd5 36. Kf2 h4 37. Rxb5 Rxb5 38. b4 Kg7 39. Ke3
Kf6 40. Rxa6 Rxb4 41. Ra2 g5 42. Rd2 Rb5 43. f4 Rb3+ 44. Ke4 Rg3 45. fxg5+ Kxg5
46. d5 f5+ 47. Kd4 exd5 48. Kxd5 f4 49. Ke4 Re3+ 50. Kd4 Re8 51. Ra2 f3 52. Rf2
Re2 53. Rxf3 Rxg2 54. Ke4 1/2-1/2

[Event "Paul Keres Memorial Festival 2014"]
[Site "Tallinn"]
[Date "2014.01.13"]
[Round "5.4"]
[White "Shalamberidze, Akaki"]
[Black "Iordachescu, Viorel"]
[Result "1-0"]
[WhiteElo "2372"]
[BlackElo "2611"]
[PlyCount "45"]
[EventDate "2014.??.??"]

1. d4 Nf6 2. Nf3 e6 3. c4 c5 4. e3 cxd4 5. exd4 Bb4+ 6. Nc3 d5 7. cxd5 Nxd5 8.
Bd2 Nc6 9. Bd3 O-O 10. O-O Be7 11. a3 Nf6 12. Bg5 h6 13. Be3 b6 14. Qe2 Bb7 15.
Rad1 Qc7 16. Bb1 Rad8 17. Qc2 Rfe8 18. Ne4 Nxe4 19. Qxe4 g6 20. Rc1 Qd7 21. Qf4
Bf8 22. Be4 Qd6 23. Bxc6 1-0

[Event "Paul Keres Memorial Festival 2014"]
[Site "Tallinn"]
[Date "2014.01.13"]
[Round "5.5"]
[White "Ladva, Ottomar"]
[Black "Yemelin, Vasily"]
[Result "1/2-1/2"]
[WhiteElo "2337"]
[BlackElo "2558"]
[PlyCount "96"]
[EventDate "2014.??.??"]

1. d4 Nf6 2. c4 e6 3. Nc3 Bb4 4. e3 O-O 5. Nge2 Re8 6. a3 Bf8 7. d5 a5 8. g3
Na6 9. Bg2 Nc5 10. O-O a4 11. Qc2 d6 12. e4 Bd7 13. h3 Nb3 14. Rb1 Nxc1 15.
Nxc1 h5 16. dxe6 Bxe6 17. Nd5 h4 18. g4 Nd7 19. Nd3 Ne5 20. f4 Nxd3 21. Qxd3 c6
22. Ne3 g5 23. f5 Bc8 24. f6 Ra5 25. Rf2 Ree5 26. Rbf1 Be6 27. Kh1 Qb6 28. Qd2
Qd8 29. Qd4 Kh7 30. Nf5 Bxf5 31. Rxf5 Rxf5 32. Rxf5 Rxf5 33. gxf5 Qa5 34. Bf3
Qe1+ 35. Qg1 Qd2 36. Qg4 Kg8 37. Be2 d5 38. e5 Bc5 39. Bf1 dxc4 40. e6 Qd5+ 41.
Bg2 Qd2 42. Bf1 fxe6 43. fxe6 Qd5+ 44. Bg2 Qe5 45. Qxc4 Bd6 46. e7+ Kh8 47. Kg1
Bc5+ 48. Kh1 Bd6 1/2-1/2

[Event "Paul Keres Memorial Festival 2014"]
[Site "?"]
[Date "2014.01.13"]
[Round "5.7"]
[White "Dubrovin, Robert"]
[Black "Malakhatko, Vladimir"]
[Result "1/2-1/2"]
[WhiteElo "2216"]
[BlackElo "2549"]
[PlyCount "80"]
[EventDate "2014.01.13"]
[SourceDate "2014.01.13"]

1. d4 e6 2. c4 Bb4+ 3. Bd2 a5 4. Nf3 Nf6 5. g3 d6 6. Bg2 Nbd7 7. O-O e5 8. Qc2
O-O 9. Nc3 exd4 10. Nxd4 Re8 11. e4 c6 12. h3 Nc5 13. Rfe1 a4 14. Rad1 Nfd7 15.
f4 Qb6 16. Kh2 Nf8 17. Nf5 Bxf5 18. exf5 Rxe1 19. Rxe1 Qd8 20. Ne4 Bxd2 21.
Qxd2 Nxe4 22. Rxe4 Qf6 23. g4 h5 24. Qd4 Nd7 25. Qxf6 Nxf6 26. Re7 hxg4 27.
Rxb7 d5 28. cxd5 cxd5 29. Rb5 a3 30. hxg4 Nxg4+ 31. Kg3 Ne3 32. f6 gxf6 33.
bxa3 Rxa3 34. Rb3 Rxb3 35. axb3 d4 36. Kf2 Kf8 37. Be4 f5 38. Bb1 Ke7 39. Ke2
Kd6 40. Kd3 Kd5 1/2-1/2

[Event "Paul Keres Memorial Festival 2014"]
[Site "?"]
[Date "2014.01.13"]
[Round "5.8"]
[White "Lintchevski, Daniil"]
[Black "Gorbatov, Alexej"]
[Result "1/2-1/2"]
[WhiteElo "2541"]
[BlackElo "2349"]
[PlyCount "69"]
[EventDate "2014.01.13"]
[SourceDate "2014.01.13"]

1. Nf3 Nf6 2. c4 e6 3. g3 d5 4. Bg2 Be7 5. d4 O-O 6. O-O c6 7. Nbd2 b6 8. Qc2
Ba6 9. b3 Nbd7 10. e4 Rc8 11. Bb2 Nxe4 12. Nxe4 dxe4 13. Qxe4 Qc7 14. Qe2 Rfe8
15. Rad1 Rcd8 16. h4 h6 17. h5 Bf8 18. Bc1 c5 19. Ne5 Bb7 20. Nxd7 Bxg2 21.
Kxg2 Qxd7 22. Be3 cxd4 23. Bxd4 e5 24. Bb2 Qc6+ 25. Kg1 f6 26. Qg4 Bc5 27. Rfe1
Kf8 28. Bc1 Rd4 29. Qe2 Red8 30. Rxd4 Rxd4 31. Be3 Rd6 32. Bxc5 bxc5 33. Rc1
Rd4 34. Qe1 Qa6 35. Rc2 1/2-1/2

[Event "Paul Keres Memorial Festival 2014"]
[Site "?"]
[Date "2014.01.13"]
[Round "5.9"]
[White "Smirnov, Artem"]
[Black "Tokranovs, Dmitrijs"]
[Result "1-0"]
[WhiteElo "2418"]
[BlackElo "2238"]
[PlyCount "105"]
[EventDate "2014.01.13"]
[SourceDate "2014.01.13"]

1. d4 d5 2. c4 c6 3. Nf3 e6 4. e3 Nf6 5. Nc3 Nbd7 6. Qc2 Bd6 7. b3 O-O 8. Bb2
e5 9. Be2 exd4 10. Nxd4 dxc4 11. bxc4 Ne5 12. O-O Qe7 13. Rad1 Rd8 14. h3 Ng6
15. Rfe1 Qe5 16. Nf3 Qe7 17. Bf1 Be6 18. Nd4 Bb4 19. e4 Nd7 20. Nf5 Qf8 21. Qb3
Nde5 22. Rxd8 Rxd8 23. Rd1 Rxd1 24. Nxd1 b5 25. Qg3 f6 26. cxb5 cxb5 27. a3 Bc5
28. h4 a6 29. Nde3 Nc4 30. Bxc4 bxc4 31. h5 Ne7 32. Nd4 Bxd4 33. Bxd4 Nc6 34.
Bc3 Qb8 35. Qxb8+ Nxb8 36. f4 Nd7 37. Bd4 g6 38. hxg6 hxg6 39. g4 Kf8 40. Kf2
Ke7 41. Ke2 Kd6 42. Kd2 g5 43. f5 Bf7 44. Kc3 Ne5 45. Ba7 Nc6 46. Bd4 Ne5 47.
a4 Bg8 48. Bb6 Nd7 49. Bd4 Ne5 50. a5 Bf7 51. Bb6 Nd7 52. Kd4 Ne5 53. Bc5+ 1-0

[Event "Paul Keres Memorial Festival 2014"]
[Site "?"]
[Date "2014.01.13"]
[Round "5.10"]
[White "Koop, Vyacheslav"]
[Black "Gleizerov, Evgeny"]
[Result "1/2-1/2"]
[WhiteElo "2199"]
[BlackElo "2534"]
[PlyCount "72"]
[EventDate "2014.01.13"]
[SourceDate "2014.01.13"]

1. e4 e6 2. d4 d5 3. e5 c5 4. c3 Nc6 5. Nf3 Bd7 6. a3 f6 7. Bd3 Qc7 8. exf6
Nxf6 9. Bg5 Bd6 10. dxc5 Bxc5 11. b4 Bd6 12. Nd4 Nxd4 13. cxd4 O-O 14. Qc2 Qxc2
15. Bxc2 Bb5 16. Nc3 Bc4 17. Kd2 Ng4 18. f3 h6 19. Be3 Nxe3 20. Kxe3 e5 21.
Rad1 Rae8 22. dxe5 Bxe5 23. Nxd5 Bb2+ 24. Be4 Bxa3 25. Kd4 Bb3 26. Rd2 Kh8 27.
Rb1 Bxd5 28. Bxd5 Rd8 29. Kc3 Rfe8 30. Be4 Rc8+ 31. Kb3 Bc1 32. Rd7 Be3 33.
Bxb7 Rcd8 34. Rbd1 Bb6 35. Rxd8 Rxd8 36. Rxd8+ Bxd8 1/2-1/2

[Event "Paul Keres Memorial Festival 2014"]
[Site "?"]
[Date "2014.01.13"]
[Round "5.11"]
[White "Petrov, Dmitri"]
[Black "Vovk, Ilja"]
[Result "0-1"]
[WhiteElo "1980"]
[BlackElo "2299"]
[PlyCount "36"]
[EventDate "2014.01.13"]
[SourceDate "2014.01.13"]

1. e4 d6 2. d4 Nf6 3. Nc3 c6 4. f4 Qa5 5. Bd3 e5 6. Nf3 Bg4 7. dxe5 dxe5 8.
fxe5 Nfd7 9. Bf4 Nxe5 10. Bxe5 Bxf3 11. Qxf3 Qxe5 12. Bc4 f6 13. O-O-O Nd7 14.
Qg4 Qg5+ 15. Qxg5 fxg5 16. e5 Be7 17. Nb5 cxb5 18. Bxb5 O-O-O 0-1

[Event "Paul Keres Memorial Festival 2014"]
[Site "?"]
[Date "2014.01.13"]
[Round "5.12"]
[White "Sirosh, Ilja"]
[Black "Kveinys, Aloyzas"]
[Result "0-1"]
[WhiteElo "2105"]
[BlackElo "2540"]
[PlyCount "88"]
[EventDate "2014.01.13"]
[SourceDate "2014.01.13"]

1. d4 Nf6 2. c4 e6 3. Nc3 Bb4 4. e3 O-O 5. Nge2 d5 6. a3 Be7 7. cxd5 exd5 8.
Nf4 c6 9. Bd3 Na6 10. O-O Nc7 11. Bc2 a6 12. Kh1 Nb5 13. f3 Ne8 14. e4 Nec7 15.
a4 Nxc3 16. bxc3 a5 17. Qd3 g6 18. Bb3 b6 19. Re1 Ba6 20. Qc2 Bg5 21. exd5 cxd5
22. Qa2 Bb7 23. Nd3 Bh4 24. g3 Bf6 25. Kg2 Rc8 26. Bh6 Re8 27. Qd2 Rxe1 28.
Rxe1 Ne6 29. Ne5 Qd6 30. Ng4 Bh8 31. h4 Qa3 32. Rb1 b5 33. axb5 a4 34. Bd1 Rxc3
35. Rc1 Bxd4 36. Rxc3 Bxc3 37. Qc2 Nc5 38. Qe2 Qb2 39. Bc2 Ne6 40. Qd1 a3 41.
Bc1 a2 42. Bxb2 Bxb2 43. Bb3 a1=Q 44. Qc2 Bc3 0-1

[Event "Paul Keres Memorial Festival 2014"]
[Site "?"]
[Date "2014.01.13"]
[Round "5.13"]
[White "Meijers, Viesturs"]
[Black "Nestor, Kaarel"]
[Result "1-0"]
[WhiteElo "2464"]
[BlackElo "2093"]
[PlyCount "107"]
[EventDate "2014.01.13"]
[SourceDate "2014.01.13"]

1. Nf3 d5 2. d4 Nf6 3. g3 g6 4. Bg2 Bg7 5. c4 O-O 6. cxd5 Nxd5 7. O-O c6 8. h3
Nd7 9. e4 Nc7 10. Nc3 e5 11. Bg5 f6 12. Be3 exd4 13. Nxd4 Qe7 14. Qc2 Re8 15.
Rad1 Nf8 16. Rfe1 Nfe6 17. Nb3 Na6 18. f4 Bd7 19. Bf2 Red8 20. a3 b6 21. Nd2
Be8 22. Nf3 Rxd1 23. Rxd1 Nac7 24. Re1 Nf8 25. e5 fxe5 26. Nxe5 Nce6 27. Nxc6
Bxc6 28. Bxc6 Rd8 29. Bd5 Bxc3 30. Bxe6+ Nxe6 31. Qxc3 Qf7 32. Qe5 Ng7 33. Bd4
Rd7 34. Bc3 h5 35. g4 Rd5 36. Qe4 a6 37. Kg2 b5 38. Kg3 Kh7 39. Qe7 Rd3+ 40.
Kh4 Rd7 41. Qxf7 Rxf7 42. Kg5 Rd7 43. Bxg7 Kxg7 44. Re6 Rd5+ 45. f5 gxf5 46.
gxf5 a5 47. Re7+ Kf8 48. Rb7 h4 49. Kg6 Rd3 50. Rb8+ Ke7 51. f6+ Ke6 52. Re8+
Kd7 53. f7 Rg3+ 54. Kh5 1-0

[Event "Paul Keres Memorial Festival 2014"]
[Site "?"]
[Date "2014.01.13"]
[Round "5.14"]
[White "Krupenski, Juri"]
[Black "Iivonen, Markku"]
[Result "1-0"]
[WhiteElo "2300"]
[BlackElo "2042"]
[PlyCount "135"]
[EventDate "2014.01.13"]
[SourceDate "2014.01.13"]

1. e4 d6 2. d4 Nf6 3. Nc3 g6 4. Nf3 Bg7 5. Be2 O-O 6. O-O Nc6 7. d5 Ne5 8. Nd4
c5 9. Nb3 Ned7 10. Nd2 a6 11. a4 Rb8 12. Nc4 Ne5 13. Nxe5 dxe5 14. a5 Bd7 15.
Be3 Rc8 16. f3 Ne8 17. Na4 Bxa4 18. Rxa4 Nd6 19. c3 Qd7 20. Ra1 Kh8 21. Qa4
Qxa4 22. Rxa4 f5 23. exf5 gxf5 24. g4 c4 25. gxf5 Nxf5 26. Bf2 Nd6 27. Re1 Rf5
28. Bd1 Bf6 29. Kg2 e4 30. Bg3 Rxd5 31. fxe4 Rd2+ 32. Kh3 e5 33. Rb4 Rg8 34.
Rb6 Rg6 35. Bh5 Rg8 36. Bf3 Rg6 37. Re2 Rd3 38. Rf2 Kg7 39. Rf1 Rd2 40. Rf2 Rd3
41. Rb4 h5 42. Bxh5 Rh6 43. Kg4 Nxe4 44. Rxb7+ Kh8 45. Re2 Nd6 46. Rb8+ Kg7 47.
Bxe5 Bxe5 48. Rxe5 Kf6 49. Re2 Rd5 50. Rf2+ Kg7 51. Be8 Re6 52. Bc6 Re4+ 53.
Rf4 Rxf4+ 54. Kxf4 Rxa5 55. Rd8 Nf7 56. Rd7 Kf6 57. Bd5 Nh6 58. Bxc4 Rf5+ 59.
Ke4 Rf2 60. Rd6+ Kg7 61. b4 Rxh2 62. Rxa6 Ng4 63. Be6 Nf6+ 64. Kd4 Kf8 65. Ra7
Rh4+ 66. Ke5 Ne4 67. c4 Ke8 68. c5 1-0

[Event "Paul Keres Memorial Festival 2014"]
[Site "?"]
[Date "2014.01.13"]
[Round "5.15"]
[White "Koykka, Pekka"]
[Black "Penttila, Tero"]
[Result "1-0"]
[WhiteElo "2294"]
[BlackElo "2022"]
[PlyCount "59"]
[EventDate "2014.01.13"]
[SourceDate "2014.01.13"]

1. Nf3 Nf6 2. d4 e6 3. Bg5 h6 4. Bh4 d5 5. e3 Be7 6. Bd3 O-O 7. Nbd2 Nbd7 8.
O-O c5 9. c3 b6 10. Ne5 Bb7 11. f4 Ne4 12. Bxe7 Qxe7 13. Nxe4 dxe4 14. Bc2 Rfd8
15. Qe2 f5 16. Nxd7 Rxd7 17. Ba4 Rc7 18. Rad1 c4 19. Kh1 Kh7 20. g4 g6 21. Rg1
Bd5 22. Rg3 a6 23. Rdg1 Rg8 24. Bd1 Qe8 25. Qg2 Rgg7 26. Qh3 fxg4 27. Bxg4 h5
28. Be2 Rcf7 29. Bxh5 gxh5 30. Qxh5+ 1-0